书目信息 |
| 题名: |
中国行政区划邮政编码长途区号简明手册
|
|
| 作者: | ;中国行政区划研究会 , 中国邮电企业管理协会 编 | |
| 分册: | ||
| 出版信息: | 北京 军事译文出版社 1992.3 |
|
| 页数: | 305页 | |
| 开本: | 19cm | |
| 丛书名: | ||
| 单 册: | ||
| 中图分类: | F614 | |
| 科图分类: | 29.672 | |
| 主题词: | 政区-邮政编码--中国--手册 , 邮政编码-政区--中国--手册 | |
| 电子资源: | ||
| ISBN: | 7-80027-163-3 | |
| 000 | 01172nam0 2200289 45 | |
| 001 | 0192014244 | |
| 005 | 20070731160412.39 | |
| 010 | @a7-80027-163-3@dCNY5.00 | |
| 020 | @aCN@b92014244 | |
| 092 | @a社科297-063 | |
| 100 | @a19921207d1992 em y0chiy0121 ea | |
| 101 | 0 | @achi |
| 102 | @aCN@b110000 | |
| 105 | @ab g 001yy | |
| 200 | 10 | @a中国行政区划邮政编码长途区号简明手册@Azhong guo xing zheng qu hua you zheng bian ma chang tu qu hao jian ming shou ce@e1992@E1992@f中国行政区划研究会,中国邮电企业管理协会编@Fzhong guo xing zheng qu hua yan jiu hui zhong guo you dian qi ye guan lixie hui bian |
| 210 | @a北京@c军事译文出版社@d1992.3 | |
| 215 | @a305页@d19cm | |
| 330 | @a本手册包括县级以上政区名称、行政区划示意图、统计表、地名索引及目录。 | |
| 540 | 1 | @a邮政 编码 长途 区号@Ayou zheng bian ma chang tu qu hao |
| 606 | @a政区-邮政编码@y中国@x手册 | |
| 606 | @a邮政编码-政区@y中国@x手册 | |
| 690 | @aF614 | |
| 692 | @a29.672 | |
| 711 | 02 | @a中国行政区划研究会@Azhong guo xing zheng qu hua yan jiu hui@4编 |
| 711 | 02 | @a中国邮电企业管理协会@Azhong guo you dian qi ye guan li xie hui@4编 |
| 801 | 0 | @aCN@bTSSF@c20070731 |
| 905 | @a10447@dF614@e3 | |
| 中国行政区划邮政编码长途区号简明手册:1992/中国行政区划研究会,中国邮电企业管理协会编.-北京:军事译文出版社,1992.3 |
| 305页;19cm |
| ISBN 7-80027-163-3:CNY5.00 |
| 本手册包括县级以上政区名称、行政区划示意图、统计表、地名索引及目录。 |
| ● |
| 相关链接 |
|
|
|
|
正题名:中国行政区划邮政编码长途区号简明手册
索取号:F614/3
 
预约/预借
| 序号 | 登录号 | 条形码 | 馆藏地/架位号 | 状态 | 备注 |
| 1 | 0786783 | 207867833 | 第一样本阅览室/ [索取号:F614/3] | 在馆 |